Sports Quiz

Random Sports or Football Quiz

NFL Reception Leaders (Season) Quiz Stats

 Plays Quiz Updated Jan 5, 2021

Support Sporcle.
Go Orange.
Score 0/39 Timer 05:00
6 Plays Today
Receptions Player % Correct
122Calvin Johnson
95.9%
136Antonio Brown
95.8%
112Andre Johnson
95.6%
113Julio Jones
95.4%
115Andre Johnson
95.3%
136Julio Jones
95.3%
129Antonio Brown
94.8%
149Michael Thomas
94.3%
143Marvin Harrison
93.9%
115Marvin Harrison
93.9%
122Jerry Rice
93.6%
112Jerry Rice
93.6%
123Wes Welker
91.7%
125Michael Thomas
90.9%
122Wes Welker
90.1%
118Wes Welker
89.5%
112Wes Welker
89.5%
127Stefon Diggs
87%
115DeAndre Hopkins
85%
115DeAndre Hopkins
84.2%
Receptions Player % Correct
117Torry Holt
82.5%
115Davante Adams
80.6%
118Brandon Marshall
80%
122Cris Carter
79.1%
122Cris Carter
79.1%
112Hines Ward
79.1%
119Isaac Bruce
74.9%
113Adam Thielen
72.7%
113Rod Smith
67.6%
116Jimmy Smith
67.6%
112Jimmy Smith
67.6%
116Christian McCaffrey
66.5%
116Zach Ertz
66%
112Jarvis Landry
65.1%
113Pierre Garcon
61.6%
112Sterling Sharpe
51.6%
112T.J. Houshmandzadeh
45.7%
115Roddy White
44.5%
123Herman Moore
39.7%

From the Vault

Books Cut Off At 'B'

by kristink

Without the 'B', all you have is an Ook.
Remove Ads.
Support Sporcle.
Get the best of Sporcle when you Go Orange. This ad-free experience offers more features, more stats, and more fun while also helping to support Sporcle. Thank you for becoming a member.

Show Comments

Extras

Top Quizzes Today


Score Distribution

Your Account Isn't Verified!

In order to create a playlist on Sporcle, you need to verify the email address you used during registration. Go to your Sporcle Settings to finish the process.

Report this User

Report this user for behavior that violates our Community Guidelines.

Details: